[Event "SVK-chT3A2 1516"]
[Site "Slovakia"]
[Date "2015.11.15"]
[Round "3.5"]
[White "Hrubsa, Marian"]
[Black "Havlicek, Peter"]
[Result "1-0"]
[WhiteElo "1784"]
[BlackElo "1803"]
[PlyCount "49"]
[EventDate "2015.10.11"]
[EventType "team-tourn"]
[EventRounds "11"]
[EventCountry "SVK"]
[SourceTitle "EXT 2020"]
[Source "ChessBase"]
[SourceDate "2019.10.17"]
[SourceVersion "1"]
[SourceVersionDate "2019.10.17"]
[SourceQuality "1"]
[WhiteTeam "Skalica II"]
[BlackTeam "Senica SK"]
[WhiteTeamCountry "SVK"]
[BlackTeamCountry "SVK"]

1. e4 c5 2. Nf3 e6 3. d4 cxd4 4. Nxd4 Nc6 5. Nc3 a6 6. a3 Nf6 7. Be3 Be7 8. f4 Nxd4 9. Bxd4 d6 10. Be2 0-0 11. 0-0 b5 12. Bd3 Ne8 13. Qf3 Bb7 14. Qh3 f6 15. Qxe6+ Kh8 16. Qh3 Bc8 17. Qh5 Be6 18. Rf3 Bf7 19. Qh3 Qc8 20. Qh4 Bc4 21. Rh3 h6 22. Nd5 Qe6 23. f5 Qf7 24. Be3 h5 25. Qxh5+ 1-0

[Event "SVK-chT3A2 1516"]
[Site "Slovakia"]
[Date "2015.10.11"]
[Round "1.6"]
[White "Krist, Milan"]
[Black "Havlicek, Peter"]
[Result "1-0"]
[WhiteElo "1859"]
[BlackElo "1803"]
[PlyCount "85"]
[EventDate "2015.10.11"]
[EventType "team-tourn"]
[EventRounds "11"]
[EventCountry "SVK"]
[SourceTitle "EXT 2020"]
[Source "ChessBase"]
[SourceDate "2019.10.17"]
[SourceVersion "1"]
[SourceVersionDate "2019.10.17"]
[SourceQuality "1"]
[WhiteTeam "Trnava Lokomotiva III"]
[BlackTeam "Senica SK"]
[WhiteTeamCountry "SVK"]
[BlackTeamCountry "SVK"]

1. c4 e6 2. Nc3 Nf6 3. Nf3 c6 4. d4 d5 5. e3 Bd6 6. Bd3 0-0 7. e4 dxe4 8. Nxe4 Nxe4 9. Bxe4 Bb4+ 10. Bd2 Bxd2+ 11. Qxd2 Qf6 12. 0-0 Nd7 13. Rad1 Nb6 14. b3 Rd8 15. Qe3 Bd7 16. Rd2 Be8 17. Rfd1 h6 18. h3 Qe7 19. d5 cxd5 20. cxd5 Rd6 21. a4 Rad8 22. dxe6 Rxd2 23. Rxd2 Rxd2 24. exf7+ Bxf7 25. Nxd2 Qd7 26. Qd3 Qxd3 27. Bxd3 Bd5 28. Be4 a5 29. Kf1 Kf7 30. Bxd5+ Nxd5 31. Ke2 Ke6 32. Nc4 b6 33. g3 Kd7 34. Kd3 Kc6 35. Kd4 Nf6 36. Ne3 g6 37. Ng4 Nxg4 38. hxg4 b5 39. f4 bxa4 40. bxa4 Kd6 41. Kc4 h5 42. gxh5 gxh5 43. Kb5 1-0

[Event "SVK-chT3A2 1415"]
[Site "Slovakia"]
[Date "2014.10.19"]
[Round "1.3"]
[White "Janas, Peter"]
[Black "Havlicek, Peter"]
[Result "1/2-1/2"]
[WhiteElo "1736"]
[BlackElo "1837"]
[PlyCount "124"]
[EventDate "2014.10.19"]
[EventType "team-tourn"]
[EventRounds "11"]
[EventCountry "SVK"]
[SourceTitle "EXT 2019"]
[Source "ChessBase"]
[SourceDate "2018.10.10"]
[SourceVersion "1"]
[SourceVersionDate "2018.10.10"]
[SourceQuality "1"]

1. d4 e6 2. Nf3 d5 3. g3 c5 4. c4 Nf6 5. Nc3 Nc6 6. Bg2 dxc4 7. e3 Nb4 8. 0-0 Nd3 9. Qa4+ Bd7 10. Qxc4 Nxc1 11. Rfxc1 Rc8 12. Ne5 cxd4 13. Qxd4 Bc5 14. Qd2 Rc7 15. Rd1 Qe7 16. Nxd7 Rxd7 17. Qc2 0-0 18. Rxd7 Qxd7 19. Ne4 Be7 20. Rc1 Nd5 21. Qb3 b5 22. Rd1 b4 23. Nd2 Qb5 24. Bf1 Qc5 25. Nc4 a5 26. Qa4 Ra8 27. Qd7 Bf8 28. Ne5 Ra7 29. Qc6 Rc7 30. Qxc5 Rxc5 31. Nc4 f5 32. Kg2 Kf7 33. Rd2 a4 34. Bd3 b3 35. axb3 axb3 36. Ne5+ Ke7 37. Nf3 g6 38. Nd4 Bg7 39. Nxb3 Rc7 40. Nd4 Rb7 41. Bc4 Bxd4 42. exd4 Kd6 43. Kf1 g5 44. h3 Rb4 45. Be2 Nb6 46. Ba6 Na4 47. Bc8 Kd5 48. Re2 Rb6 49. b3 Nc3 50. Re1 Kxd4 51. Rxe6 Rxb3 52. Re7 f4 53. gxf4 gxf4 54. Kg2 Ne4 55. Rd7+ Ke5 56. Rd1 Ng5 57. Re1+ Kf6 58. h4 Nf7 59. Re6+ Kg7 60. Re7 Kf6 61. Re6+ Kg7 62. Re7 Kf6 1/2-1/2

[Event "SVK-chT3A2 1011"]
[Site "Slovakia"]
[Date "2011.04.03"]
[Round "11.5"]
[White "Lopatievov, Alexander"]
[Black "Havlicek, Peter"]
[Result "1/2-1/2"]
[WhiteElo "1988"]
[BlackElo "1688"]
[PlyCount "36"]
[EventDate "2010.10.17"]
[EventType "team-tourn"]
[EventRounds "11"]
[EventCountry "SVK"]
[SourceTitle "EXT 2019"]
[Source "ChessBase"]
[SourceDate "2018.10.10"]
[SourceVersion "1"]
[SourceVersionDate "2018.10.10"]
[SourceQuality "1"]
[WhiteTeam "Trnava Modranka"]
[BlackTeam "Senica SK"]
[WhiteTeamCountry "SVK"]
[BlackTeamCountry "SVK"]

1. c4 e5 2. Nc3 c6 3. e4 d6 4. g3 g6 5. Bg2 Bg7 6. d3 Ne7 7. Be3 0-0 8. Nge2 f5 9. 0-0 Nd7 10. Qd2 Nf6 11. Bh6 Be6 12. Bxg7 Kxg7 13. b3 Qb6 14. d4 exd4 15. Nxd4 Bg8 16. exf5 Nxf5 17. Nxf5+ gxf5 18. Qxd6 Rad8 1/2-1/2

[Event "SVK-chT3A2 0910"]
[Site "Slovakia"]
[Date "2010.03.28"]
[Round "11.8"]
[White "Havlicek, Peter"]
[Black "Matus, David"]
[Result "0-1"]
[WhiteElo "1671"]
[BlackElo "1530"]
[PlyCount "61"]
[EventDate "2009.10.18"]
[EventType "team-tourn"]
[EventRounds "11"]
[EventCountry "SVK"]
[SourceTitle "EXT 2011"]
[Source "ChessBase"]
[SourceDate "2010.11.26"]
[SourceVersion "1"]
[SourceVersionDate "2010.11.26"]
[SourceQuality "1"]
[WhiteTeam "Senica"]
[BlackTeam "Dunajska Streda SK III"]
[WhiteTeamCountry "SVK"]
[BlackTeamCountry "SVK"]

1. e4 e5 2. Nf3 Nc6 3. Bc4 Nf6 4. Nc3 Bc5 5. 0-0 0-0 6. a3 d6 7. b4 Bd4 8. Qe1 Bg4 9. Nxd4 Nxd4 10. Ra2 Bf3 11. h3 Nh5 12. d3 Qh4 13. Kh2 Nf4 14. Bxf4 exf4 15. Nb5 Bxg2 16. Kxg2 Qg5+ 17. Kh1 Nxb5 18. Bxb5 Qxb5 19. Rg1 Qh5 20. Qf1 f3 21. Rg3 f5 22. Qg1 g6 23. Kh2 fxe4 24. Rg5 Qh4 25. Rg4 Qf6 26. Rxe4 h5 27. Ra1 Rae8 28. Rae1 Rxe4 29. Rxe4 d5 30. Re3 h4 31. Rxf3 0-1

[Event "SVK-chT3A2 0910"]
[Site "Slovakia"]
[Date "2009.10.24"]
[Round "2.7"]
[White "Hornak, Pavol"]
[Black "Havlicek, Peter"]
[Result "1/2-1/2"]
[WhiteElo "1787"]
[BlackElo "1671"]
[PlyCount "73"]
[EventDate "2009.10.18"]
[EventType "team-tourn"]
[EventRounds "11"]
[EventCountry "SVK"]
[SourceTitle "EXT 2011"]
[Source "ChessBase"]
[SourceDate "2010.11.26"]
[SourceVersion "1"]
[SourceVersionDate "2010.11.26"]
[SourceQuality "1"]
[WhiteTeam "Cifer"]
[BlackTeam "Senica"]
[WhiteTeamCountry "SVK"]
[BlackTeamCountry "SVK"]

1. d4 e6 2. c4 Nf6 3. Nf3 d5 4. g3 Bb4+ 5. Bd2 Bxd2+ 6. Nbxd2 0-0 7. Bg2 c6 8. 0-0 Nbd7 9. Qc2 Re8 10. Rad1 Nf8 11. Ne5 Ng6 12. Nxg6 hxg6 13. e4 dxe4 14. Nxe4 Nxe4 15. Bxe4 Qf6 16. f4 g5 17. Qd2 gxf4 18. Rxf4 Qh6 19. Qf2 f5 20. Bc2 g5 21. Rf3 b5 22. c5 Re7 23. Bb3 Kg7 24. Re1 Qf6 25. g4 e5 26. dxe5 Rxe5 27. Rxe5 Qxe5 28. gxf5 Kf6 29. Be6 Ba6 30. b4 Rh8 31. Rd3 Rh4 32. a3 Rg4+ 33. Rg3 Rf4 34. Rf3 Rg4+ 35. Rg3 Rf4 36. Rf3 Rg4+ 37. Rg3 1/2-1/2

[Event "SVK-chT3A2 0607"]
[Site "Slovakia"]
[Date "2006.11.05"]
[Round "3"]
[White "Havlicek, Peter"]
[Black "Marhula, Milan"]
[Result "1-0"]
[WhiteElo "1715"]
[BlackElo "1551"]
[PlyCount "93"]
[EventDate "2006.10.08"]
[EventType "team-tourn"]
[EventRounds "11"]
[EventCountry "SVK"]
[SourceTitle "EXT 2008"]
[Source "ChessBase"]
[SourceDate "2007.11.25"]
[SourceVersion "1"]
[SourceVersionDate "2007.11.25"]
[SourceQuality "1"]
[WhiteTeam "Senica II"]
[BlackTeam "Hlohovec Junior"]
[WhiteTeamCountry "SVK"]
[BlackTeamCountry "SVK"]

1. e4 e5 2. Nf3 Nc6 3. c3 Nf6 4. d3 Be7 5. Be2 0-0 6. 0-0 d6 7. h3 h6 8. Be3 b6 9. Nbd2 Bb7 10. Nh2 Nh7 11. f4 exf4 12. Bxf4 Bg5 13. Nc4 Bxf4 14. Rxf4 Ne5 15. Ne3 Ng6 16. Rf2 Rb8 17. Qd2 d5 18. Nxd5 Bxd5 19. exd5 Qxd5 20. d4 Nf6 21. Bf3 Qd6 22. Re1 Rbe8 23. Rfe2 Rxe2 24. Rxe2 Re8 25. Rxe8+ Nxe8 26. Qe3 Qe7 27. Kf2 Nd6 28. Qxe7 Nxe7 29. b3 f6 30. Ke3 g5 31. Ng4 Kg7 32. c4 Nef5+ 33. Kd3 h5 34. Ne3 Nxe3 35. Kxe3 h4 36. c5 Nb5 37. a4 Nc3 38. Kd3 Na2 39. Kc4 a6 40. Bb7 a5 41. cxb6 cxb6 42. Kb5 Nc1 43. Bd5 Ne2 44. Kxb6 Nxd4 45. Kxa5 Kf8 46. Kb6 Ke8 47. a5 1-0